Transmisión de calor /

Guardado en:
Autor Principal: McAdams, William H.
Otros Autores: Moneva Moneva, Jaime, (Traductor, tr.)
Formato: Libro
Idioma:Spanish
English
Publicado: New York : McGraw Hill, 1964.
Edición:3er ed.
Materias:
Etiquetas: Agregar Etiqueta
Sin Etiquetas, Sea el primero en etiquetar este registro!
LEADER 00783nam a22002295a 4500
001 EIQ.libpla003574
008 080214s1964####nyua#####b####001#0#spa#d
005 20080214180155.0
245 1 0 |a Transmisión de calor /  |c William H. McAdams ; traducción Jaime Moneva Moneva. 
250 |a 3er ed. 
260 |a New York :  |b McGraw Hill,  |c 1964. 
300 |a xiv, 557 p. :  |b il. ;  |c 24 cm. 
504 |a Incluye referencias bibliográficas e índice. 
100 1 |a McAdams, William H. 
700 1 |a Moneva Moneva, Jaime,  |e tr.  |4 trl 
650 4 |a Procesos  |x Transferencia de calor. 
650 4 |a Calor  |x Transferencia. 
650 4 |a Processes  |x Heat transfer. 
650 4 |a Heat  |x Transfer. 
040 |a AR-BbSID  |b spa  |c AR-BbSID 
041 1 |a spa  |h eng 
859 |a AR-BbSID  |b BIB. PLAPIQUI  |h 536.2  |i M 116  |p 4200